| 000 | 00856nas a2200229 4500 | ||
|---|---|---|---|
| 001 | BR8301184 | ||
| 003 | BR-BrBNA | ||
| 005 | 20231205085452.0 | ||
| 007 | ta | ||
| 008 | 230509b bl.|||p| |||| 00| 00por d | ||
| 040 |
_aBR-BrBNA _bpor _cBiblioteca Nacional de Agricultura |
||
| 041 | _a(Pt) | ||
| 072 | _aN10 | ||
| 100 | 1 | _aPinheiro, M. da C. | |
| 100 | 1 | _aDalpasquale, V.A. | |
| 245 | 1 | _aSolucao de problemas que envolvem escoamento em meios porosos pelo metodo de elementos finitos [engenharia agricola] | |
| 246 | 1 | _a[Solution of problems envolving outlet in porous means using the finite element method [farm engineering]] | |
| 650 | _aENGENHARIA AGRICOLA | ||
| 773 | 0 |
_tRevista Brasileira de Armazenamento (Brazil) _xISSN 0100-3518 _g(Jun 1982), v. 7(1) p. 33-38 _wBR8301184 |
|
| 909 |
_a202311 _bLúcia _c55 _dLúcia Elande |
||
| 942 |
_2AGRIS _n0 _cANA |
||
| 999 |
_c111622 _d111622 |
||